000 00702nam a22002057a 4500
005 20140731090058.0
008 031117s2004 ja b i001 0 eng
020 _a9280810944
024 0 _ceng
080 _a336.31
_b(5)
245 0 0 _aBroadening Asia's security discourse and agenda :
_cedited by Ramesh Thakur and Edward Newman.
250 _a1st.ed.;
260 _aTokyo ;
_aNew York :
_bUnited Nations University Press,
_c2004.
300 _a357 f. ;
_c23 cm.
504 _aIncludes bibliographical references and index.
650 0 _aSigurimi Kombëtarë
700 1 _aThakur, Ramesh Chandra,
700 1 _aNewman, Edward,
942 _2udc
_cBK
999 _c503
_d503